Largest U.S. Cities in 1860, A-Z - Statistics

General Stats
  • This quiz has been taken 22 times
  • The average score is 10 of 26
Answer Stats
L. Population City % Correct
P 565,529 Philadelphia
95%
N 813,669 New York
89%
W 61,122 Washington, D.C.
79%
D 45,619 Detroit
74%
A 62,367 Albany
63%
C 161,044 Cincinnati
58%
S 160,773 St. Louis
58%
R 48,204 Rochester
53%
Y 11,848 Yonkers
53%
H 29,152 Hartford
42%
I 18,611 Indianapolis
42%
J 29,226 Jersey City
42%
L 68,033 Louisville
37%
Q 13,718 Quincy
37%
M 45,246 Milwaukee
32%
X 4,658 Xenia
32%
B 266,661 Brooklyn
26%
U 22,529 Utica
26%
E 11,567 Elizabeth
21%
Z 9,229 Zanesville
21%
V 4,591 Vicksburg
16%
F 14,026 Fall River
11%
O 16,816 Oswego
11%
T 39,235 Troy
11%
G 10,904 Gloucester
5%
K 16,640 Kingston
0%
No matching quizzes found
Score Distribution
Percent of People with Each Score
Percentile by Number Answered
Your Score History
You have not taken this quiz